| 000 | 00945cam a2200265 a 4500 | ||
|---|---|---|---|
| 005 | 20131030105423.0 | ||
| 008 | 860501s1986 cau b s101 0 eng | ||
| 020 | _a0520056523 | ||
| 020 | _a0520057295 | ||
| 041 | 0 | _aeng | |
| 080 | _a316.75 | ||
| 245 | 0 | 0 |
_aWriting culture : _cedited by James Clifford and George E. Marcus. |
| 260 |
_aBerkeley : _bUniversity of California Press, _cc1986. |
||
| 300 |
_aix, 305 p. ; _c24 cm. |
||
| 500 | _aPreface : f. [VII]-IX | ||
| 500 | _aSeminar held in Santa Fe, N.M., April 1984. | ||
| 500 | _aIncludes index. | ||
| 504 | _aBibliography: p. [267]-294. | ||
| 650 | 0 |
_aEtnologjia _xAutorësia _vKongreset |
|
| 650 | 0 |
_aEtnologjia _xMetodologji _vKongreset |
|
| 700 | 1 |
_aClifford, James, _d1945- |
|
| 700 | 1 | _aMarcus, George E. | |
| 710 | 2 | _aSchool of American Research (Santa Fe, N.M.) | |
| 942 |
_2udc _cBK |
||
| 999 |
_c220 _d220 |
||